000 00632nam a2200289Ia 4500
005 20260127113033.0
008 008 260114s9999 xx 000 0 eng d
020 _a2557711
037 _aTextbook
040 _aPSDL
040 _beng
040 _cPSDL
041 _2eng
041 _aeng
084 _aWv N7
084 _qPSDL
100 _aFrench, Patrick
_91109201
245 0 _aLiberty or Death
245 0 _cFrench, Patrick
260 _aLondon
260 _bHarper Collins Publishers
300 _a466p.
942 _cTB
942 _hWv N7
999 _c1674798
_d1674798